The Price Is Wrong Why Capitalism Won't Save the Planet

Gespeichert in:
Bibliographische Detailangaben
1. Verfasser: Christophers, Brett
Format: Buch
Sprache:Englisch
Veröffentlicht: London Verso 2024
Schlagworte:
Tags: Tag hinzufügen
Keine Tags, Fügen Sie das erste Tag hinzu!

MARC

LEADER 00000nam a2200000 4500
001 0306858
005 20250207200517.8
020 |a 9781804292327 
041 0 |a eng 
044 |a GB 
245 1 0 |a The Price Is Wrong  |b Why Capitalism Won't Save the Planet  |c Brett Christophers 
264 1 |a London  |b Verso  |c 2024 
300 |a [318 s.] 
500 |a ProQuest e-books. 
610 2 0 |a hospodárstvo svetové 
610 2 0 |a kapitalizmus 
610 2 0 |a rozvoj trvalo udržateľný 
610 2 0 |a zmeny klimatické 
610 2 0 |a investície ekologické 
610 2 0 |a zdroje energie obnoviteľné 
610 2 0 |a podpora štátna 
610 2 0 |a dotácie štátne 
100 1 |a Christophers, Brett